Datum a čas kvízu
21.5
Celkem bodů
Celkový počet nahraných bodů na tomto kvízu bez doplňovacích otázek.
6.
Pořadí na kvízu
Konečné umístění týmu na tomto kvízu.
Zaznamenané odpovědi
| # | Otázka | Odpověď | Body | Výsledky |
|---|---|---|---|---|
| 1. | Někteří senátoři chtějí ve Va... | lavička s popelníkem | 1 | |
| 2. | Na Slovensku byl přetřásán stř... | Ministerstvo životního prostředí | 0 | |
| 3. | Nejvíce nominací na hudební Ce... | Vladimír Mišík | 1 | |
| 4. | Do švýcarského městečka Davos... | Světové ekonomické fórum (WEF) | 0 | |
| 5. | Čínská tenistka Wang Čhiang, 2... | Serenu Williamsovou | 1 | |
| 6. | Jelikož se o ostrovech zmiňuje... | D) zaťatou pěst se vztyčeným ukazováčkem | 1 | |
| 7. | Nyní se podíváme na souostroví... | Země Františka Josefa | 1 | |
| 8. | Za jistou formu "ostrova" se d... | Lesotho | 0 | |
| 9. | Ostrovid je druhové jméno jist... | rys | 1 | |
| 10. | Jak se jmenoval německý patolo... | Paul Langerhans | 0 |